00551nam a2200145Ia 4500008004100000020001800041041000800059082001800067100002200085245020400107250000600311260003900317300001300356650003600369210716s2018 xx 000 0 und d a9781787120556 aeng a621.3821 MAIL aMaioli, Lisandra. aFixing bad UX designs: master proven approaches tools and techniques to make your user experience great again.bMaster proven approaches tools and techniques to make your user experience great again. a1 aMumbaibPackt Publishing Ltdc2018 aviii,329 aCommunication Network(621.3821)